<?xml version="1.0" encoding="UTF-8"?><?xml-stylesheet type="text/xsl" href="static/style.xsl"?><OAI-PMH xmlns="http://www.openarchives.org/OAI/2.0/" xmlns:xsi="http://www.w3.org/2001/XMLSchema-instance" xsi:schemaLocation="http://www.openarchives.org/OAI/2.0/ http://www.openarchives.org/OAI/2.0/OAI-PMH.xsd"><responseDate>2026-04-17T11:06:52Z</responseDate><request verb="GetRecord" identifier="oai:www.recercat.cat:10459.1/57333" metadataPrefix="marc">https://recercat.cat/oai/request</request><GetRecord><record><header><identifier>oai:recercat.cat:10459.1/57333</identifier><datestamp>2024-12-05T22:05:52Z</datestamp><setSpec>com_2072_3622</setSpec><setSpec>col_2072_479130</setSpec></header><metadata><record xmlns="http://www.loc.gov/MARC21/slim" xmlns:dcterms="http://purl.org/dc/terms/" xmlns:xsi="http://www.w3.org/2001/XMLSchema-instance" xmlns:doc="http://www.lyncode.com/xoai" xsi:schemaLocation="http://www.loc.gov/MARC21/slim http://www.loc.gov/standards/marcxml/schema/MARC21slim.xsd">
   <leader>00925njm 22002777a 4500</leader>
   <datafield ind2=" " ind1=" " tag="042">
      <subfield code="a">dc</subfield>
   </datafield>
   <datafield ind2=" " ind1=" " tag="720">
      <subfield code="a">Balsells, M. Àngels</subfield>
      <subfield code="e">author</subfield>
   </datafield>
   <datafield ind2=" " ind1=" " tag="720">
      <subfield code="a">Arco Bravo, Isabel del</subfield>
      <subfield code="e">author</subfield>
   </datafield>
   <datafield ind2=" " ind1=" " tag="720">
      <subfield code="a">Miñambres Abad, Amparo</subfield>
      <subfield code="e">author</subfield>
   </datafield>
   <datafield ind2=" " ind1=" " tag="260">
      <subfield code="c">2016-07-04T07:48:33Z</subfield>
   </datafield>
   <datafield ind2=" " ind1=" " tag="260">
      <subfield code="c">2016-07-04T07:48:33Z</subfield>
   </datafield>
   <datafield ind2=" " ind1=" " tag="260">
      <subfield code="c">2007</subfield>
   </datafield>
   <datafield ind2=" " ind1=" " tag="520">
      <subfield code="a">Este artículo presenta los resultados de una investigación empírica de carácter educativo desarrollada&#xd;
en el ámbito de lo social, cuyo objetivo principal ha sido la creación de un Proyecto de&#xd;
Intervención Educativa, metodológica y teóricamente fundamentado, dirigido a padres negligentes,&#xd;
con la finalidad de prevenir las situaciones de riesgo social. Las principales innovaciones&#xd;
didácticas y pedagógicas que se logran con esta investigación son la búsqueda de los contenidos&#xd;
a aprender por estos padres, así como las técnicas más adecuadas para enseñar los correspondientes&#xd;
conceptos, procedimientos y actitudes. La aplicación del programa a una muestra real de&#xd;
familias maltratadoras y negligentes es uno de los pilares de la metodología de la investigación.</subfield>
   </datafield>
   <datafield ind2=" " ind1=" " tag="520">
      <subfield code="a">The need to do educational intervention with parents who lack of physical, biological and social&#xd;
care towards their children, going forward the nowadays trend in social intervention with those&#xd;
parents that is featured by assistance, welfare, or the work in cases is the purpose of this research.&#xd;
It is aimed, as the main objective, the creation of an educational intervention project, with negligent&#xd;
parents, to prevent the lack of social adaptation of under aged; it should be carried out for&#xd;
a limited period of time by the familiar educator. The research about the contents to learn by&#xd;
those parents and the most adequate techniques to teach the proper concepts, procedures and&#xd;
attitudes is the main didactic innovation that is to obtain.</subfield>
   </datafield>
   <datafield ind1="8" ind2=" " tag="024">
      <subfield code="a">http://hdl.handle.net/10459.1/57333</subfield>
   </datafield>
   <datafield tag="653" ind2=" " ind1=" ">
      <subfield code="a">Familia</subfield>
   </datafield>
   <datafield tag="653" ind2=" " ind1=" ">
      <subfield code="a">Acción socioeducativa</subfield>
   </datafield>
   <datafield tag="653" ind2=" " ind1=" ">
      <subfield code="a">Maltrato infantil</subfield>
   </datafield>
   <datafield tag="653" ind2=" " ind1=" ">
      <subfield code="a">Protección de la infancia</subfield>
   </datafield>
   <datafield tag="653" ind2=" " ind1=" ">
      <subfield code="a">Maltractament infantil</subfield>
   </datafield>
   <datafield tag="653" ind2=" " ind1=" ">
      <subfield code="a">Infants maltractats</subfield>
   </datafield>
   <datafield ind2="0" ind1="0" tag="245">
      <subfield code="a">Familias, educación y prevención del maltrato infantil</subfield>
   </datafield>
   <datafield ind2="0" ind1="0" tag="245">
      <subfield code="a">Families, education and the prevention of child abuse</subfield>
   </datafield>
</record></metadata></record></GetRecord></OAI-PMH>